[Event "Open Semana Santa 2023"]
[Site "?"]
[Date "2023.04.08"]
[Round "8.213"]
[White "Ortiz Maseres, Roberto"]
[Black "Gil Bayo, Daniel"]
[Result "0-1"]
[WhiteElo "1268"]
[BlackElo "1433"]
[PlyCount "110"]

1. e4 c5 2. d3 Nc6 3. f4 g6 4. Nf3 Bg7 5. c3 d6 6. g3 Nf6 7. Bg2 Bg4 8. O-O O-O
9. Nbd2 b5 10. Qc2 Rc8 11. h3 Bd7 12. Re1 b4 13. Nf1 Rb8 14. N1h2 Qa5 15. Bd2
Qb6 16. Rab1 a5 17. g4 c4+ 18. d4 b3 19. axb3 cxb3 20. Qd3 a4 21. Be3 Na5 22.
d5 Qb5 23. Qxb5 Bxb5 24. Nd2 Nc4 25. Bf1 Nxe3 26. Rxe3 Bxf1 27. Rxf1 Nd7 28. h4
Rfc8 29. h5 a3 30. bxa3 Bxc3 31. Nhf3 Ba5 32. Nxb3 Bb6 33. Nbd4 Nf6 34. hxg6
Nxg4 35. gxh7+ Kxh7 36. Ng5+ Kg6 37. Rd3 Rh8 38. Kg2 Bxd4 39. Rxd4 Ne3+ 40. Kf2
Nxf1 41. Kxf1 Rb2 42. Kg1 Rh4 43. e5 Rg4+ 44. Kf1 dxe5 45. Rc4 Rxf4+ 46. Rxf4
exf4 47. Nf3 Ra2 48. Ne5+ Kf6 49. Nc4 Kf5 50. Ke1 Ke4 51. d6 exd6 52. Nxd6+ Ke3
53. Nc4+ Kd4 54. Nd2 Kd3 55. Nf3 Ke3 0-1

[Event "Open Semana Santa 2023"]
[Site "?"]
[Date "2023.04.09"]
[Round "8.223"]
[White "Jaglinski, Aleksander"]
[Black "Bethencourt Hernandez, Alberto I"]
[Result "1-0"]
[WhiteElo "1301"]
[BlackElo "1091"]
[PlyCount "63"]
[EventDate "2023.??.??"]

1. e4 e5 2. Nf3 Nc6 3. d4 exd4 4. Bc4 Bc5 5. Ng5 Ne5 6. Nxf7 Qh4 7. Nxe5 Nf6 8.
Nf3 Qxe4+ 9. Qe2 d6 10. Qxe4+ Nxe4 11. O-O Bf5 12. Re1 O-O-O 13. Bg5 Rd7 14.
Bd3 Re8 15. Nbd2 d5 16. Bb5 c6 17. Bd3 b6 18. Ba6+ Kc7 19. Bf4+ Bd6 20. Bxd6+
Kxd6 21. Bd3 Kc7 22. Nxd4 Bg6 23. Bxe4 dxe4 24. N4b3 Ree7 25. h3 Kd8 26. Re3
Ke8 27. Rae1 Kf8 28. Nxe4 Bh5 29. Nc3 Rxe3 30. Rxe3 b5 31. Rd3 Kf7 32. Rxd7+
1-0

[Event "Open Semana Santa 2023"]
[Site "?"]
[Date "2023.04.09"]
[Round "8.227"]
[White "Munoz Martinez, Francisco"]
[Black "Beneyto De Ramon, Jaime"]
[Result "0-1"]
[WhiteElo "1069"]
[BlackElo "1070"]
[PlyCount "54"]

1. e4 e5 2. Nf3 Nc6 3. Nc3 Bc5 4. Nxe5 Bxf2+ 5. Kxf2 Nxe5 6. d4 Nc6 7. Bf4 d6
8. Nd5 Nf6 9. Nxf6+ Qxf6 10. Ke3 O-O 11. c3 Re8 12. Bd3 Bd7 13. Qh5 Qg6 14. Qh4
Bf5 15. Rhe1 Bxe4 16. Kd2 Bxd3 17. Rxe8+ Rxe8 18. Re1 Rf8 19. Re3 Bf5 20. Qf2
Bb1 21. Kc1 Bxa2 22. Kd2 Bd5 23. g3 Bb3 24. Re2 Bc4 25. Re3 Qb1 26. b4 Qb2+ 27.
Ke1 Qc1# 0-1

[Event "Open Semana Santa 2023"]
[Site "?"]
[Date "2023.04.10"]
[Round "9.1"]
[White "GM Postny, Evgeny"]
[Black "GM Chigaev, Maksim"]
[Result "0-1"]
[WhiteElo "2548"]
[BlackElo "2617"]
[PlyCount "70"]

1. d4 Nf6 2. c4 g6 3. Nc3 Bg7 4. e4 d6 5. Nf3 O-O 6. Be2 e5 7. d5 a5 8. h3 Nfd7
9. h4 f5 10. h5 f4 11. hxg6 hxg6 12. g4 Nc5 13. Nd2 Kf7 14. Nb3 Nba6 15. Nxc5
Nxc5 16. Kd2 c6 17. f3 cxd5 18. Nxd5 a4 19. Nc3 Qa5 20. Rb1 Ne6 21. Ke1 Nd4 22.
Kf1 Be6 23. Bd2 Rh8 24. Rxh8 Rxh8 25. Kg2 Qd8 26. Be1 Rh7 27. Bf2 Qh8 28. Qg1
Rh3 29. Bd1 Bf6 30. Nd5 Bh4 31. Bxd4 exd4 32. Kxh3 Bf2+ 33. Kg2 Bxg1 34. Kxg1
Bxd5 35. cxd5 Qh4 0-1

[Event "Open Semana Santa 2023"]
[Site "?"]
[Date "2023.04.10"]
[Round "9.2"]
[White "GM Sosa, Tomas"]
[Black "GM Maurizzi, Marc`andria"]
[Result "1/2-1/2"]
[WhiteElo "2544"]
[BlackElo "2536"]
[PlyCount "141"]

1. e4 e5 2. Nf3 Nc6 3. Bc4 Bc5 4. d3 Nf6 5. Nbd2 d6 6. c3 a6 7. Bb3 Ba7 8. h3
h6 9. Nf1 d5 10. exd5 Nxd5 11. Ng3 Nf4 12. Bxf4 exf4 13. Nh5 O-O 14. Nxf4 Re8+
15. Kf1 Bc5 16. d4 Bd6 17. Nh5 Bf5 18. Bc2 Bg6 19. Bxg6 fxg6 20. Ng3 Qf6 21.
Qc2 g5 22. Qf5 Qd8 23. h4 Bxg3 24. fxg3 g4 25. Qxg4 Qd5 26. Kf2 Re4 27. Qh3 Qb5
28. Rhe1 Qxb2+ 29. Kg1 Qxc3 30. Qf5 Ree8 31. Rac1 Qb4 32. Qg6 Rxe1+ 33. Rxe1
Qd6 34. Re8+ Rxe8 35. Qxe8+ Kh7 36. h5 Qe7 37. Qg6+ Kg8 38. Qg4 Qd6 39. Qc8+
Kf7 40. Qf5+ Ke8 41. Qc8+ Kf7 42. Kh2 Nxd4 43. Nxd4 Qxd4 44. Qxc7+ Kg8 45. Qxb7
Qc4 46. Qb3 Qxb3 47. axb3 Kf7 48. g4 Kf6 49. Kg3 a5 50. Kf4 g6 51. hxg6 Kxg6
52. g5 hxg5+ 53. Kg4 Kf6 54. Kh5 Ke5 55. Kxg5 Kd4 56. g4 Kc3 57. Kf4 Kxb3 58.
g5 a4 59. g6 a3 60. g7 a2 61. g8=Q+ Kb2 62. Qg7+ Kb1 63. Qg6+ Kb2 64. Qb6+ Ka1
65. Qd4+ Kb1 66. Qb4+ Ka1 67. Qc3+ Kb1 68. Qd3+ Kb2 69. Qd2+ Kb1 70. Qb4+ Ka1
71. Ke4 1/2-1/2

[Event "Open Semana Santa 2023"]
[Site "?"]
[Date "2023.04.10"]
[Round "9.3"]
[White "GM Movsziszian, Karen"]
[Black "GM Mendonca, Leon Luke"]
[Result "0-1"]
[WhiteElo "2468"]
[BlackElo "2596"]
[Annotator "Usuario"]
[PlyCount "71"]
[EventDate "2023.??.??"]

1. Nf3 d5 2. g3 Nf6 3. Bg2 c6 4. O-O Bg4 5. d4 e6 6. Nbd2 Be7 7. Re1 O-O 8. e4
a5 9. a4 Bh5 10. c3 Nbd7 11. Qb3 Qb6 12. Qxb6 Nxb6 13. Ne5 $11 Rfd8 14. h3 Nfd7
15. Nd3 g5 16. g4 Bg6 17. f4 gxf4 18. Nxf4 dxe4 19. Nxe4 c5 20. Nxg6 hxg6 21.
dxc5 Nxc5 22. Nxc5 Bxc5+ 23. Kf1 Rd7 24. Ke2 Rad8 25. Bf4 e5 26. Bc1 e4 27. g5
Nc4 28. Bxe4 Re7 29. Kf3 Rd2 30. Rf1 Bd6 31. b3 Ne5+ 32. Ke3 Rh2 33. Kd4 Rxh3
34. Rf6 Bb8 35. Ba3 Rd7+ 36. Bd6 0-1

[Event "Open Semana Santa 2023"]
[Site "?"]
[Date "2023.04.10"]
[Round "9.4"]
[White "GM Xu, Yi"]
[Black "IM Fernandez Guillen, Ernesto J."]
[Result "1-0"]
[WhiteElo "2505"]
[BlackElo "2461"]
[PlyCount "105"]

1. e4 e5 2. Nf3 Nc6 3. Nc3 Nge7 4. Bc4 Ng6 5. d4 exd4 6. Nxd4 Bb4 7. O-O O-O 8.
Nd5 Ba5 9. Nf5 d6 10. Qh5 Bxf5 11. Bg5 Bg4 12. Qxg4 Qc8 13. Qg3 Nce5 14. Be2 f6
15. Bxf6 Rxf6 16. Nxf6+ gxf6 17. f4 Nf7 18. f5 Kg7 19. Bc4 Bb6+ 20. Kh1 Nfe5
21. Bd5 c6 22. Bb3 Qd8 23. a4 Qe7 24. c3 Rh8 25. fxg6 hxg6 26. Rf4 Bd8 27. Rh4
Rxh4 28. Qxh4 Qc7 29. Qf2 a5 30. Rd1 Qe7 31. Qa7 Qc7 32. h3 g5 33. Qf2 Ng6 34.
Qd4 Be7 35. Qc4 Kh6 36. Qg8 d5 37. exd5 Qf4 38. Bc2 f5 39. dxc6 g4 40. Qd5 gxh3
41. Qd2 hxg2+ 42. Kxg2 Qxd2+ 43. Rxd2 bxc6 44. Rd7 Kg5 45. Ra7 Bd8 46. b4 axb4
47. cxb4 Nf4+ 48. Kf3 Ne6 49. Rd7 Bf6 50. Bd1 Bc3 51. a5 Nd4+ 52. Kg2 c5 53. a6
1-0

[Event "Open Semana Santa 2023"]
[Site "?"]
[Date "2023.04.10"]
[Round "9.5"]
[White "GM Arizmendi Martinez, Julen Luis"]
[Black "IM Garcia Ramos, Daniel"]
[Result "1-0"]
[WhiteElo "2494"]
[BlackElo "2442"]
[PlyCount "147"]

1. e4 c6 2. d4 d5 3. Nc3 dxe4 4. Nxe4 Nf6 5. Nxf6+ exf6 6. Be3 Bd6 7. Bd3 O-O
8. Ne2 Re8 9. O-O Nd7 10. c4 Nf8 11. Qc2 Be6 12. Rad1 Qc7 13. h3 Rad8 14. c5
Be7 15. Nf4 g6 16. Bc4 Bxc4 17. Qxc4 g5 18. d5 gxf4 19. d6 Qd7 20. dxe7 Qxe7
21. Qxf4 Ng6 22. Qb4 b6 23. a3 bxc5 24. Bxc5 Qc7 25. Qc3 Kg7 26. Bd4 Rd6 27.
Qg3 Re7 28. Bb6 Qxb6 29. Rxd6 Qxb2 30. Rxc6 Re5 31. Qc3 Qb5 32. Qc4 Qb8 33. Rc7
Ne7 34. Rd1 Qb6 35. Rcd7 h5 36. Qc7 Qe6 37. Qxa7 Ng6 38. Qd4 Rg5 39. Rd6 Qf5
40. Qd3 Rxg2+ 41. Kxg2 Nf4+ 42. Kf1 Nxd3 43. R1xd3 Qb5 44. Kg2 h4 45. R3d4 Qb7+
46. R6d5 f5 47. a4 Kf6 48. a5 Ke6 49. Kg1 Qb1+ 50. Rd1 Qb3 51. R5d3 Qa4 52.
Rd6+ Ke7 53. a6 f4 54. Rd7+ Ke6 55. a7 f3 56. R1d6+ Ke5 57. Rd4 Qa1+ 58. Rd1
Qa3 59. Re1+ Kf6 60. Re3 Qc1+ 61. Kh2 Qc6 62. Ree7 Qc5 63. Rxf7+ Ke6 64. Rde7+
Kd6 65. Rxf3 Qa5 66. Ref7 Qa1 67. R7f6+ Ke5 68. R6f5+ Ke6 69. Rf7 Qe5+ 70. R3f4
Qa1 71. R4f5 Qa3 72. R7f6+ Ke7 73. Rf8 Qd6+ 74. Rf4 1-0

[Event "Open Semana Santa 2023"]
[Site "?"]
[Date "2023.04.10"]
[Round "9.6"]
[White "GM Solodovnichenko, Yuri"]
[Black "GM Ubilava, Elizbar"]
[Result "1-0"]
[WhiteElo "2489"]
[BlackElo "2435"]
[PlyCount "75"]

1. e4 c5 2. Nf3 e6 3. d4 cxd4 4. Nxd4 Nc6 5. Nc3 Qc7 6. Be3 a6 7. g4 b5 8. Nxc6
Qxc6 9. Qd2 Bb4 10. f3 Bxc3 11. Qxc3 Qxc3+ 12. bxc3 Bb7 13. a4 bxa4 14. Rxa4
Ne7 15. Kf2 O-O 16. Bd3 d5 17. Rb1 Bc6 18. Rxa6 dxe4 19. Rxa8 Rxa8 20. fxe4 Kf8
21. Bc5 Ke8 22. Rb6 Bd7 23. Rb7 Nc6 24. Bd6 Nd8 25. Rb6 Rc8 26. c4 Bc6 27. c5
Kd7 28. Ba6 Ra8 29. Ke3 Ra7 30. Bf8 g6 31. g5 Nb7 32. Kd4 Kc7 33. Bg7 Kd7 34.
Be5 Nd8 35. Bd6 Ra8 36. c4 Ke8 37. Bc7 Bd7 38. Bb5 1-0

[Event "Open Semana Santa 2023"]
[Site "?"]
[Date "2023.04.10"]
[Round "9.7"]
[White "IM Kosakowski, Jakub"]
[Black "IM Espinosa Aranda, Angel"]
[Result "1/2-1/2"]
[WhiteElo "2479"]
[BlackElo "2429"]
[Annotator "Usuario"]
[PlyCount "45"]

1. d4 Nf6 2. Nf3 d5 3. Bf4 c5 4. e3 Nc6 5. Nbd2 Bg4 6. c3 e6 7. h3 Bxf3 8. Nxf3
Be7 9. Qb3 Qc8 10. dxc5 Bxc5 11. Be2 O-O 12. O-O Qd7 13. Rfd1 Qe7 14. c4 Na5
$11 15. Qa4 Nxc4 16. Bxc4 dxc4 17. Qxc4 Rfd8 18. Be5 Bb6 19. Rac1 h6 20. Bd4
Bxd4 21. Rxd4 Rxd4 22. Qxd4 a6 23. Qc5 $11 1/2-1/2

[Event "Open Semana Santa 2023"]
[Site "?"]
[Date "2023.04.10"]
[Round "9.8"]
[White "IM Pijpers, Arthur"]
[Black "IM Garrido Outon, Alex"]
[Result "0-1"]
[WhiteElo "2474"]
[BlackElo "2379"]
[PlyCount "94"]

1. e4 c5 2. Nc3 d6 3. d4 cxd4 4. Qxd4 Nc6 5. Qd2 g6 6. b3 Bh6 7. f4 Nf6 8. Bb2
O-O 9. O-O-O e5 10. Nge2 Ng4 11. Rg1 Nf2 12. Re1 b5 13. Kb1 b4 14. Nd5 Nxe4 15.
Qe3 Nf6 16. Nxf6+ Qxf6 17. g3 Bd7 18. Bg2 Rac8 19. Bd5 Be6 20. Rd1 Bxd5 21.
Rxd5 Qe6 22. Rgd1 Ne7 23. R5d2 a5 24. Qb6 a4 25. Qxd6 Qxd6 26. Rxd6 Nf5 27. Rb6
Ne3 28. Rd2 exf4 29. Nxf4 a3 30. Bc1 Bg7 31. Ne2 Rfe8 32. Rxb4 Bf8 33. Rbd4 Nf1
34. Rd1 Rxe2 35. Rxf1 Rcxc2 36. Rd8 Rxa2 37. h4 h5 38. b4 f5 39. Rf3 Kf7 40.
Rd7+ Ke6 41. Rb7 Bd6 42. Rb6 Ke7 43. Rd3 Ra1+ 44. Kxa1 Be5+ 45. Bb2 axb2+ 46.
Ka2 Re1 47. Rb3 Ra1# 0-1

[Event "Open Semana Santa 2023"]
[Site "?"]
[Date "2023.04.10"]
[Round "9.9"]
[White "IM Alonso Garcia, Aaron"]
[Black "GM Moussard, Jules"]
[Result "0-1"]
[WhiteElo "2426"]
[BlackElo "2667"]
[PlyCount "82"]

1. e4 c5 2. Nf3 d6 3. d4 cxd4 4. Nxd4 Nf6 5. Nc3 a6 6. Bg5 e6 7. f4 Nbd7 8. Qe2
Qc7 9. O-O-O b5 10. a3 Rb8 11. g4 h6 12. Bxf6 Nxf6 13. Bg2 Be7 14. h4 Nd7 15.
Rhe1 Bxh4 16. Nd5 Qc4 17. Nf5 exf5 18. exf5+ Qxe2 19. Rxe2+ Kf8 20. Nc7 Nf6 21.
Rxd6 Kg8 22. Re7 Bg3 23. Rd4 Bb7 24. Bxb7 Rxb7 25. g5 hxg5 26. fxg5 Rh1+ 27.
Kd2 Rxc7 28. Rd8+ Kh7 29. gxf6 Bf4+ 30. Ke2 Rxc2+ 31. Kf3 Rf1+ 32. Ke4 Re2+ 33.
Kd5 Rd2+ 34. Kc6 Rxd8 35. Rxf7 Bh6 36. fxg7 Bxg7 37. Kb7 Rf8 38. Rxf8 Bxf8 39.
Kxa6 Rxf5 40. b4 Bxb4 41. axb4 Kg6 0-1

[Event "Open Semana Santa 2023"]
[Site "?"]
[Date "2023.04.10"]
[Round "9.10"]
[White "GM Jacobson, Brandon"]
[Black "GM Stella, Andrea"]
[Result "1-0"]
[WhiteElo "2556"]
[BlackElo "2447"]
[PlyCount "127"]

1. Nf3 d5 2. e3 Nf6 3. c4 e6 4. Nc3 Bd6 5. b3 O-O 6. Bb2 Re8 7. Nb5 Be7 8. Be5
Na6 9. Qc2 c6 10. Nc3 dxc4 11. bxc4 Nd7 12. Bg3 e5 13. Be2 Bb4 14. O-O Nac5 15.
Bh4 Qa5 16. Rfc1 Nf8 17. d4 exd4 18. Nxd4 Bxc3 19. Qxc3 Qxc3 20. Rxc3 Ne4 21.
Ra3 g5 22. Bg3 Nxg3 23. hxg3 Ne6 24. Nb3 Rd8 25. f4 a5 26. Ra4 b6 27. Bf3 gxf4
28. gxf4 Rd3 29. Kf2 Ba6 30. Bxc6 Rc8 31. Bd5 Nc7 32. Be4 Rc3 33. Rc1 Rxc1 34.
Nxc1 Ne8 35. Bd3 Nd6 36. c5 Rxc5 37. Bxa6 Rxc1 38. Bd3 Nb7 39. Rd4 Nc5 40. Bc4
Kf8 41. g4 h6 42. Kf3 Ke7 43. Bb5 Rb1 44. Bc6 Rf1+ 45. Ke2 Rg1 46. Kf3 Rf1+ 47.
Kg2 Re1 48. Kf2 Rc1 49. Rd2 b5 50. Kf3 b4 51. Bd5 Rc3 52. Rh2 Rd3 53. Rh5 Rd2
54. Bc4 Kd6 55. Rxh6+ Kc7 56. Bxf7 a4 57. g5 b3 58. axb3 axb3 59. g6 b2 60. Rh1
Nd3 61. Rb1 Rf2+ 62. Ke4 Nc5+ 63. Kd4 Kd6 64. g7 1-0

[Event "Open Semana Santa 2023"]
[Site "?"]
[Date "2023.04.10"]
[Round "9.11"]
[White "IM Ladron De Guevara Pinto, Paolo"]
[Black "GM Cuenca Jimenez, Jose Fernando"]
[Result "1/2-1/2"]
[WhiteElo "2403"]
[BlackElo "2553"]
[Annotator "Usuario"]
[PlyCount "64"]

1. e4 e6 2. d4 d5 3. Nd2 c5 4. exd5 Qxd5 5. dxc5 Qxc5 6. Ngf3 Nf6 7. Bd3 Qc7 8.
O-O Nbd7 9. c4 b6 10. Qe2 Be7 11. b3 Bb7 12. Bb2 O-O 13. Ne4 Rad8 14. Rad1 Rfe8
15. Rfe1 h6 16. Bb1 Nxe4 17. Bxe4 Bxe4 18. Qxe4 Bf6 19. Bxf6 Nxf6 20. Qe5 Qe7
21. Qe2 Rxd1 22. Rxd1 e5 23. h3 Qc5 24. Ne1 Qa5 25. Qb2 Nh5 26. Nc2 Nf4 27. b4
Qa4 28. Ne3 Qc6 29. Qd2 Qg6 30. Qd7 Re6 31. Kh2 Kh7 32. c5 Qe4 $11 1/2-1/2

[Event "Open Semana Santa 2023"]
[Site "?"]
[Date "2023.04.10"]
[Round "9.13"]
[White "IM Vega Gutierrez, Sabrina"]
[Black "IM Iermito, Sebastian"]
[Result "0-1"]
[WhiteElo "2370"]
[BlackElo "2533"]
[PlyCount "100"]

1. e4 c5 2. Nf3 e6 3. d4 cxd4 4. Nxd4 a6 5. Bd3 Bc5 6. Nb3 Ba7 7. Nc3 Nc6 8.
Qe2 d6 9. Be3 b5 10. a3 Nf6 11. f4 Bxe3 12. Qxe3 e5 13. fxe5 Nxe5 14. h3 O-O
15. O-O-O Rb8 16. g4 Be6 17. g5 Nfd7 18. Be2 b4 19. axb4 Rxb4 20. Nd5 Bxd5 21.
Rxd5 a5 22. Rb5 Qa8 23. Rxb4 axb4 24. Rd1 Nc5 25. Rxd6 Nxb3+ 26. Qxb3 Qxe4 27.
Rd2 Qf4 28. Qd5 Qxg5 29. Kb1 Qg1+ 30. Rd1 Qe3 31. Bb5 Ng6 32. Qf5 b3 33. Ba4
bxc2+ 34. Bxc2 Rb8 35. b3 Nf8 36. Kb2 Qa7 37. Qe5 Ra8 38. Qd4 Qa2+ 39. Kc1 Rc8
40. Qb2 Qa6 41. Kb1 Qh6 42. Rd3 Qf4 43. b4 Qf1+ 44. Ka2 g6 45. Rc3 Rb8 46. Qa3
Qb5 47. Rb3 Ne6 48. Bd3 Qd5 49. Kb1 Nc5 50. Rc3 Nxd3 0-1

[Event "Open Semana Santa 2023"]
[Site "?"]
[Date "2023.04.10"]
[Round "9.14"]
[White "FM Martins, Bruno Andre Leite"]
[Black "GM Almeida Quintana, Omar"]
[Result "0-1"]
[WhiteElo "2348"]
[BlackElo "2526"]
[PlyCount "84"]

1. e4 d6 2. d4 Nf6 3. Nc3 g6 4. g3 Bg7 5. Bg2 O-O 6. Nge2 Na6 7. O-O c5 8. h3
cxd4 9. Nxd4 Bd7 10. Re1 Nc5 11. Be3 Rc8 12. Qd2 b5 13. a3 a6 14. Rad1 Ne6 15.
Nxe6 Bxe6 16. Nd5 Nd7 17. c3 Ne5 18. Bg5 Re8 19. Kh1 Nc4 20. Qc1 a5 21. Re2 Qd7
22. Kh2 b4 23. axb4 Bxd5 24. exd5 axb4 25. Rde1 bxc3 26. Rxe7 Rxe7 27. Rxe7
cxb2 28. Rxd7 bxc1=Q 29. Bxc1 Ne5 30. Rxd6 Rxc1 31. f4 Bf8 32. fxe5 Bxd6 33.
exd6 Kf8 34. g4 Ke8 35. h4 h6 36. Kg3 Kd7 37. Kf4 Kxd6 38. Be4 Rc4 39. h5 g5+
40. Ke3 Ke5 41. Bf3 Rc3+ 42. Ke2 Rxf3 0-1

[Event "Open Semana Santa 2023"]
[Site "?"]
[Date "2023.04.10"]
[Round "9.15"]
[White "GM Sumets, Andrey"]
[Black "IM Lopez Mulet, Inigo"]
[Result "1/2-1/2"]
[WhiteElo "2506"]
[BlackElo "2403"]
[PlyCount "103"]

1. d4 Nf6 2. c4 e6 3. Nf3 d5 4. Nc3 Bb4 5. cxd5 exd5 6. Qa4+ Nc6 7. Bg5 h6 8.
Bxf6 Qxf6 9. e3 O-O 10. Be2 Bxc3+ 11. bxc3 b6 12. O-O Bf5 13. c4 dxc4 14. Qxc4
Rfc8 15. Rac1 Na5 16. Qa4 Qd6 17. Rfd1 Bd7 18. Qc2 c6 19. e4 Be6 20. Qb2 Qf4
21. Nd2 Re8 22. g3 Qd6 23. Nf1 f5 24. e5 Qd5 25. Rc2 f4 26. gxf4 Rf8 27. Ne3
Qe4 28. Ng2 Rad8 29. f3 Qg6 30. Bd3 Qh5 31. Be4 Bd5 32. Re1 Nc4 33. Qc3 b5 34.
Qd3 Qh3 35. Rce2 Nb6 36. Bxd5+ Nxd5 37. e6 Nxf4 38. Nxf4 Rxf4 39. Qc3 Qxf3 40.
Qxf3 Rxf3 41. Rc2 Rf4 42. Rxc6 Rfxd4 43. Ra6 Ra4 44. Rxa4 bxa4 45. Re4 a3 46.
Re3 Re8 47. Kf2 Kf8 48. Kf3 Ke7 49. Rxa3 Kxe6 50. Rxa7 Kf6 51. a4 Re1 52. Ra5
1/2-1/2

[Event "Open Semana Santa 2023"]
[Site "?"]
[Date "2023.04.10"]
[Round "9.17"]
[White "IM Camacho Collados, Marcos"]
[Black "IM Veiga, Jose Francisco R P N"]
[Result "1-0"]
[WhiteElo "2465"]
[BlackElo "2403"]
[Annotator "Usuario"]
[PlyCount "113"]

1. e4 e5 2. Nf3 Nc6 3. Bc4 Bc5 4. O-O Nf6 5. d3 d6 6. a4 a6 7. Be3 O-O 8. Bxc5
dxc5 9. a5 b5 10. axb6 cxb6 11. h3 Qd6 12. Nc3 Nb4 13. Ne2 Be6 14. c3 Bxc4 15.
dxc4 Qxd1 16. Rfxd1 Nc6 17. Ng3 Rfc8 18. Rd6 Kf8 19. Ng5 h6 20. Nf3 a5 21. Kf1
Ne8 22. Rd7 Nf6 23. Rb7 Rab8 24. Rxb8 Rxb8 25. Rd1 Rc8 $11 26. Rd6 Rc7 27. Ke2
Ne8 28. Rd3 Nf6 29. Nd2 g6 30. Ngf1 Rd7 31. Rf3 Ke7 32. Ne3 Nd8 33. h4 h5 34.
Rh3 Nb7 35. Rh1 Nd6 36. f3 Ra7 37. Kd3 Ra8 38. Kc2 Kd7 39. Nb1 Kc6 40. Na3 Rd8
41. Kb3 Nb7 42. Kc2 Nd6 43. Rf1 Re8 44. Rd1 Rd8 45. Rd2 Nb7 46. Rf2 Nd6 47. Kb3
Nb7 48. Nd5 Nxd5 49. cxd5+ Kc7 50. f4 exf4 51. Nb5+ Kd7 52. Rxf4 Ke7 53. Na7
Ke8 54. Nc6 Rd7 55. c4 Nd6 56. e5 Nf5 57. Ka4 1-0

[Event "Open Semana Santa 2023"]
[Site "?"]
[Date "2023.04.10"]
[Round "9.18"]
[White "IM Murphy, Conor E"]
[Black "FM Domingo Nunez, Ruben"]
[Result "0-1"]
[WhiteElo "2450"]
[BlackElo "2401"]
[PlyCount "80"]

1. d4 Nf6 2. c4 e6 3. g3 c5 4. d5 exd5 5. cxd5 d6 6. Nc3 g6 7. Bg2 Bg7 8. Nf3
O-O 9. O-O Re8 10. Re1 Bg4 11. Nd2 Qd7 12. Qb3 Na6 13. Nc4 Bh3 14. Bh1 Reb8 15.
Bf4 Bf8 16. e4 b5 17. Na5 c4 18. Qd1 Re8 19. Nc6 Nc5 20. e5 Nd3 21. Re3 Nxf2
22. e6 fxe6 23. Kxf2 Ng4+ 24. Kg1 e5 25. Bg5 h6 26. Ne4 hxg5 27. Qxg4 Bxg4 28.
Nf6+ Kg7 29. Nxd7 Bxd7 30. a4 Bxc6 31. dxc6 d5 32. Re2 Bc5+ 33. Kg2 b4 34. Kh3
e4 35. Rd1 Re5 36. Red2 d4 37. Rc2 e3 38. Bf3 d3 39. Rxc4 e2 40. Re1 d2 0-1

[Event "Open Semana Santa 2023"]
[Site "?"]
[Date "2023.04.10"]
[Round "9.19"]
[White "IM Suarez Uriel, Uriel,Adrian"]
[Black "IM Plazuelo Pascual, Juan"]
[Result "0-1"]
[WhiteElo "2356"]
[BlackElo "2449"]
[PlyCount "72"]

1. e4 c5 2. Nf3 e6 3. d4 cxd4 4. Nxd4 Nf6 5. Nc3 Nc6 6. a3 Be7 7. f4 d6 8. Nf3
a6 9. Bd3 b5 10. O-O Bb7 11. Qe2 b4 12. axb4 Nxb4 13. Kh1 Nxd3 14. cxd3 O-O 15.
Nd4 Nd7 16. Be3 a5 17. Rf3 g6 18. Raf1 e5 19. fxe5 dxe5 20. Ndb5 Nf6 21. Na3
Ra6 22. Nc4 Re6 23. Bh6 Re8 24. Ne3 Nd7 25. Ncd5 f6 26. Qc2 Kh8 27. Qf2 Rg8 28.
Qh4 Bxd5 29. Nxd5 g5 30. Qg4 Rd6 31. h4 f5 32. Rxf5 Rxh6 33. h5 Nf6 34. Rxf6
Bxf6 35. Qf5 Rxh5+ 36. Kg1 Bg7 0-1

[Event "Open Semana Santa 2023"]
[Site "?"]
[Date "2023.04.10"]
[Round "9.20"]
[White "GM Brunello, Sabino"]
[Black "FM Macias Pino, Diego"]
[Result "1-0"]
[WhiteElo "2510"]
[BlackElo "2395"]
[PlyCount "101"]

1. c4 e5 2. d3 d6 3. Nc3 f5 4. g3 Nf6 5. Bg2 c6 6. b4 d5 7. a3 Be6 8. cxd5 cxd5
9. Nf3 Nbd7 10. O-O Rc8 11. Bb2 d4 12. Nb5 Qb6 13. Qa4 Qa6 14. Qxa6 bxa6 15.
Nxa7 Rc7 16. Rfc1 Rxa7 17. Nxd4 exd4 18. Bxd4 Nc5 19. bxc5 Rc7 20. Bxf6 gxf6
21. d4 Kf7 22. e3 Be7 23. d5 Rxc5 24. dxe6+ Kxe6 25. Rxc5 Bxc5 26. a4 f4 27.
Rc1 Kd6 28. gxf4 Rd8 29. Be4 h6 30. Kg2 a5 31. Kf3 Bb4 32. h4 Ke7 33. h5 Rd2
34. Bc6 Kf8 35. Bb5 Rd5 36. Kg4 Rc5 37. Rd1 Rc7 38. Kf5 Kf7 39. e4 Rc2 40. Rd7+
Be7 41. Ra7 Rxf2 42. Bc4+ Kf8 43. Ra8+ Kg7 44. Ra7 Kf8 45. Ke6 Rxf4 46. Ra8+
Kg7 47. Kxe7 Rxe4+ 48. Be6 f5 49. Rg8+ Kh7 50. Rg6 f4 51. Kf8 1-0

[Event "Open Semana Santa 2023"]
[Site "?"]
[Date "2023.04.10"]
[Round "9.21"]
[White "FM Domingo Nunez, Alejandro"]
[Black "GM Yuffa, Daniil"]
[Result "0-1"]
[WhiteElo "2335"]
[BlackElo "2602"]
[PlyCount "62"]

1. Nf3 Nf6 2. g3 g6 3. b3 Bg7 4. Bb2 O-O 5. Bg2 d6 6. d4 Nbd7 7. O-O Re8 8. c4
c6 9. Nc3 e5 10. e4 exd4 11. Nxd4 Nc5 12. Qc2 a5 13. Rad1 Qb6 14. h3 a4 15.
Nxa4 Nxa4 16. bxa4 Qb4 17. a5 Qxa5 18. Nb3 Qh5 19. Bxf6 Bxf6 20. g4 Qe5 21. f4
Qc3 22. Qe2 Be6 23. Rc1 Qg3 24. Rf3 Qh4 25. Rd3 h5 26. g5 Bg7 27. Qd2 Ra4 28.
Kh2 Bxc4 29. Rg3 Bxb3 30. axb3 Rd4 31. Qe3 d5 0-1

[Event "Open Semana Santa 2023"]
[Site "?"]
[Date "2023.04.10"]
[Round "9.22"]
[White "IM Granero Roca, Antonio"]
[Black "IM Garriga Cazorla, Pere"]
[Result "0-1"]
[WhiteElo "2334"]
[BlackElo "2476"]
[PlyCount "136"]

1. Nf3 Nf6 2. d4 g6 3. c4 Bg7 4. Nc3 d6 5. e4 Nbd7 6. h3 e5 7. d5 Nc5 8. Qc2 a5
9. Be3 O-O 10. g4 h5 11. g5 Nfd7 12. Be2 Na6 13. a3 Ndc5 14. b3 c6 15. Rb1 a4
16. bxa4 Bd7 17. Nd2 Rc8 18. Qb2 f6 19. h4 fxg5 20. hxg5 Rf4 21. Rg1 Qa5 22. f3
h4 23. Kf2 Rcf8 24. Qc2 Qd8 25. Rg2 R8f7 26. Kg1 Bh3 27. Rh2 Bc8 28. Rg2 Bf8
29. Kh2 Be7 30. Rf1 Bxg5 31. Rfg1 Qd7 32. Rh1 Rxf3 33. Bxc5 Rg3 34. Rxg3 hxg3+
35. Kg2 Nxc5 36. Nf3 Be3 37. Qb1 Rh7 38. Rxh7 Qxh7 39. Qh1 Qxh1+ 40. Kxh1 g5
41. Kg2 g4 42. Nh4 Bd4 43. Nb1 Kf7 44. Nf5 Nxe4 45. Bxg4 Kf6 46. Nxg3 Bxg4 47.
Nxe4+ Ke7 48. Nbc3 Bf5 49. Kf3 Kd7 50. a5 Bxc3 51. Nxc3 Bd3 52. c5 dxc5 53. Ke3
Bg6 54. dxc6+ Kxc6 55. Kf3 c4 56. Ke3 Kc5 57. Na4+ Kb5 58. Nb6 c3 59. Nd7 Kc4
60. Nxe5+ Kb3 61. Nf3 Kxa3 62. Nd4 Kb4 63. Ne2 Be8 64. a6 bxa6 65. Kd4 c2 66.
Kd3 Kb3 67. Kd2 Kb2 68. Nc1 Bb5 0-1

[Event "Open Semana Santa 2023"]
[Site "?"]
[Date "2023.04.09"]
[Round "9.24"]
[White "IM Martinez Ramirez, Lennis"]
[Black "FM Cesar Maestre, Bernardo"]
[Result "1/2-1/2"]
[WhiteElo "2428"]
[BlackElo "2317"]
[PlyCount "21"]

1. Nc3 d5 2. e4 d4 3. Nce2 e5 4. Nf3 f6 5. Ng3 Be6 6. b3 Nd7 7. Bc4 Bxc4 8.
bxc4 g6 9. Rb1 b6 10. d3 Ne7 11. O-O 1/2-1/2

[Event "Open Semana Santa 2023"]
[Site "?"]
[Date "2023.04.10"]
[Round "9.25"]
[White "FM Neagu, Roberto Florin"]
[Black "Chen, Peng"]
[Result "0-1"]
[WhiteElo "2314"]
[BlackElo "2425"]
[PlyCount "86"]

1. Nf3 Nf6 2. g3 d5 3. Bg2 c6 4. c4 dxc4 5. O-O Nbd7 6. Qc2 Nb6 7. b3 cxb3 8.
axb3 g6 9. Bb2 Bg7 10. e4 O-O 11. d4 Ne8 12. Rd1 f5 13. e5 Nc7 14. h3 Kh8 15.
Nbd2 Be6 16. Nc4 Bd5 17. Ba3 Nb5 18. Bc5 Be4 19. Qb2 Nd5 20. Re1 b6 21. Ba3
Nxa3 22. Qxa3 Nc7 23. Qc1 Ne6 24. Rd1 Qd5 25. Qc3 Bh6 26. Ncd2 Rfd8 27. Kh1
Bxd2 28. Rxd2 a5 29. Rad1 a4 30. bxa4 Rxa4 31. Rb2 b5 32. Kh2 Nxd4 33. Nxd4
Rxd4 34. e6 Bxg2 35. Rb4 c5 36. Rxb5 Be4 37. Rxc5 Qxc5 38. Qxc5 Rxd1 39. g4 g5
40. gxf5 Rh1+ 41. Kg3 Rg1+ 42. Kh2 Rg2+ 43. Kh1 Rd1# 0-1

[Event "Open Semana Santa 2023"]
[Site "?"]
[Date "2023.04.10"]
[Round "9.26"]
[White "Sismeiro, Miguel"]
[Black "GM Hovhannisyan, Mher"]
[Result "1/2-1/2"]
[WhiteElo "2301"]
[BlackElo "2418"]
[PlyCount "76"]
[EventDate "2023.??.??"]

1. e4 e6 2. d4 d5 3. exd5 exd5 4. Nf3 Bd6 5. c4 Nf6 6. Nc3 O-O 7. cxd5 h6 8.
Be2 Nbd7 9. O-O Nb6 10. Re1 Nfxd5 11. Bd3 Bg4 12. h3 Bh5 13. Bd2 c6 14. Ne4 Re8
15. Ng3 Rxe1+ 16. Bxe1 Bxg3 17. fxg3 Qd6 18. Qe2 Bg6 19. Qe5 Qxe5 20. Nxe5 Bxd3
21. Nxd3 Nd7 22. Bd2 Re8 23. Re1 Rxe1+ 24. Bxe1 f5 25. Kf2 Kf7 26. Kf3 Ke6 27.
g4 fxg4+ 28. Kxg4 b6 29. Kf3 a5 30. a4 g5 31. g4 N5f6 32. Ke3 h5 33. gxh5 Nxh5
34. h4 gxh4 35. Bxh4 Ng7 36. Ke4 Ne8 37. Nf4+ Kd6 38. Kd3 Ndf6 1/2-1/2